Elogio fúnebre del excmo. y revmo. señor doctor D. Pascual Díaz y Barreto : arzobispo de México /

En este elogio fúnebre se narra la vida de Pascual Díaz y Barreto (1875-1936), religioso originario de Zapopan, Jalisco, el cual llegó a ser arzobispo de México.

Guardat en:
Dades bibliogràfiques
Autor principal: Sepúlveda, Luis G. (autor)
Format: Llibre
Idioma:espanyol
Matèries:
Etiquetes: Afegir etiqueta
Sense etiquetes, Sigues el primer a etiquetar aquest registre!

MARC

LEADER 00000nam^a2200000^a^4500
001 000121341
005 20250521000000.0
009 20260310094423.601
037 |a Acervo ITESO - Biblioteca 
041 |a ESP 
082 |a 200. 92  |b SEP 
100 |a Sepúlveda, Luis G.  |e (autor) 
245 1 0 |a Elogio fúnebre del excmo. y revmo. señor doctor D. Pascual Díaz y Barreto :  |b arzobispo de México /  |c A.M. Carreño. 
264 |a México :  |b editorial no identificada,  |c 1936 
300 |a 56 p. 
336 |a texto  |b txt  |2 rdacontenido 
337 |a sin mediación  |b n  |2 rdamedio 
338 |a volumen  |b nc  |2 rdasoporte 
520 |a En este elogio fúnebre se narra la vida de Pascual Díaz y Barreto (1875-1936), religioso originario de Zapopan, Jalisco, el cual llegó a ser arzobispo de México. 
649 |a XX 
650 |a Obispos de México (Ciudad) -  |x Biografías 
650 |a Obispos de México -  |x Biografías 
650 |a Religiosos Jaliscienses -  |x Biografías 
650 |a Religiosos Mexicanos -  |x Biografías 
650 |a Iglesia Católica en México 
650 |a Catolicismo 
650 |a Cristianismo 
650 |a Religión 
650 |a Díaz y Barreto, Pascual 
910 |a Fondo Salvador Reynoso Reynoso 
920 |a Impresos - Libros 
930 |a Fondos Especiales 
905 |a 112 
901 |a 0800006022  |b IT2  |c ESP  |u 20250521 
902 |a https://opac.biblio.iteso.mx/vufind/Record/000121341